000 00864nam0a22002411 4500
001 rc\3709989
005 20250610063341.0
035 _a(NLR Aleph) 007767897
090 _a7436554
_c7436554
100 _a20130115d1974 |||y0rusy50 ca
101 0 _arus
102 _aRU
105 _ay z |||||
200 1 _aСборник законодательных и нормативных актов об административной ответственности
_fСост. советник юстиции Ж.В. Вавилова
210 _aКалининград
_cБ. и.
_d[1974]
215 _a177 с.
_d22
333 _aДля служебного пользования. Экз. № 000003
702 1 _aВавилова
_bЖ.В.
_4220
801 0 _aRU
_bNLR
_gpsbo
801 1 _aRU
_bELAR
_2rusmarc
852 _aNLR
_j74-50к/4737
942 _cBOOK
980 _aNB